Методы математической обработки в психологии (Запис № 339106)

МАРК-запис
000 -Лідер
fixed length control field 00637nam a22002297a 4500
003 - Ідентифікатор контрольного номера
control field UA-OsUOA
001 - Контрольний номер
control field 53025
007 - Фіксоване поле фізичного опису
fixed length control field ta
008 - Елементи даних фіксованої довжини – загальна інформація
fixed length control field 20080312b un ||||| |||| 00| 0 ukr d
090 ## - Локальний шифр розміщення
Класифікаційний індекс УДК 159.9.01
Авторський знак (НП) С31
040 ## - Джерело каталогізації
Агенція оригінальної каталогізації UA-OsUOA
Агенція, яка здійснювала перезапис UA-OsUOA
Агенція, яка здійснювала модифікацію UA-OsUOA
080 ## - Індекс Універсальної десяткової класифікації
Індекс Універсальної десяткової класифікації (УДК) (НП) 159.9.01
020 ## - Міжнародний стандартний книжковий номер (ISBN)
Міжнародний стандартний книжковий номер (ISBN) (НП) 5-9268-0010-2
100 ## - Основне введення – ім’я особи
Ім’я особи (НП) Сидоренко Е.
245 ## - Відомості про назву
Назва (НП) Методы математической обработки в психологии
Решта назви (НП) Учебное пособие
260 ## - Публікація, розповсюдження і т.п. (Вихідні дані)
Місце публікації, розповсюдження і т.п. (П) СПб
Ім’я/ наймення видавництва, розповсюджувача і т.п. (П) Речь
Дата публікації, розповсюдження і т.п. (П) 2007
300 ## - Фізичний опис
Обсяг 350 с.
650 #7 - Додаткове предметне введення – тематичний термін
Тематичний термін чи географічна назва, як елемент введення (НП) 159.9 Психологія
Джерело заголовка чи терміна UDC
942 ## - Додаткові елементи входу (Коха)
Тип елемента Koha Книги
955 ## - Код типу видання за змістом
Код типу видання за змістом (НП) Навчальні видання
Фонди
Стан вилучень Стан втрат Джерело класифікації або схеми стелажів Стан уражень Не для кредиту Постійне місце розташування Поточне розміщення Дата придбання Джерело придбання Вартість, звичайна ціна покупки Інвентарний номер Усього замовленно Повний номер виклику Штрих-код Дата останнього перегляду Ціна ефективна від Тип елемента Koha
    Universal Decimal Classification     ЧЗ - Читальна зала ЧЗ - Читальна зала 12/03/2008 30/2008 76.30 112392   159.9.01 С31 112392 09/02/2022 12/03/2008 Книги
    Universal Decimal Classification     ЧЗ - Читальна зала ЧЗ - Читальна зала 12/03/2008 30/2008 76.30 112393   159.9.01 С31 112393 09/02/2022 12/03/2008 Книги